<?xml version="1.0" encoding="UTF-8"?>
<record
    xmlns:xsi="http://www.w3.org/2001/XMLSchema-instance"
    xsi:schemaLocation="http://www.loc.gov/MARC21/slim http://www.loc.gov/standards/marcxml/schema/MARC21slim.xsd"
    xmlns="http://www.loc.gov/MARC21/slim">

  <leader>00484nam a2200193 a 4500</leader>
  <controlfield tag="001">1760694603169</controlfield>
  <controlfield tag="003">YourLibrary</controlfield>
  <controlfield tag="005">20251018113212.0</controlfield>
  <controlfield tag="008">251017s2004##################000#0#eng##</controlfield>
  <datafield tag="020" ind1=" " ind2=" ">
    <subfield code="a">9781591021933</subfield>
  </datafield>
  <datafield tag="082" ind1="0" ind2="4">
    <subfield code="a">191</subfield>
    <subfield code="b">COT</subfield>
  </datafield>
  <datafield tag="100" ind1="1" ind2=" ">
    <subfield code="a">Cotter, Matthew J.,</subfield>
    <subfield code="e">author.</subfield>
  </datafield>
  <datafield tag="245" ind1="1" ind2="0">
    <subfield code="a">Sidney Hook Reconsidered :</subfield>
  </datafield>
  <datafield tag="260" ind1=" " ind2=" ">
    <subfield code="b">Pyr,</subfield>
    <subfield code="c">2004.</subfield>
  </datafield>
  <datafield tag="300" ind1=" " ind2=" ">
    <subfield code="a">402 pages</subfield>
  </datafield>
  <datafield tag="650" ind1=" " ind2="0">
    <subfield code="a">Philosophy.</subfield>
  </datafield>
  <datafield tag="942" ind1=" " ind2=" ">
    <subfield code="c">ENGLISH</subfield>
  </datafield>
  <datafield tag="040" ind1=" " ind2=" ">
    <subfield code="a">YourLibrary</subfield>
    <subfield code="b">eng</subfield>
    <subfield code="c">YourLibrary</subfield>
  </datafield>
  <datafield tag="999" ind1=" " ind2=" ">
    <subfield code="c">592328</subfield>
    <subfield code="d">592328</subfield>
  </datafield>
  <datafield tag="952" ind1=" " ind2=" ">
    <subfield code="0">0</subfield>
    <subfield code="1">0</subfield>
    <subfield code="4">0</subfield>
    <subfield code="7">0</subfield>
    <subfield code="a">ACL</subfield>
    <subfield code="b">ACL</subfield>
    <subfield code="c">3A</subfield>
    <subfield code="d">2025-10-18</subfield>
    <subfield code="l">0</subfield>
    <subfield code="o">191 COT</subfield>
    <subfield code="p">426677</subfield>
    <subfield code="r">2025-10-18 11:32:12</subfield>
    <subfield code="w">2025-10-18</subfield>
    <subfield code="y">ENGLISH</subfield>
  </datafield>
</record>
